Yield Spreads Prediction Using Genetic Neural Network
Genetické umelé neurónové siete na určenie požadovaného výnosového rozpätia na trhu s dlhopismi s použitím biologicky inšpirovaných algoritmov.
Na minha lista:
| Autor principal: | |
|---|---|
| Outros Autores: | |
| Formato: | Capítulo de Livro |
| Idioma: | inglês |
| Assuntos: | |
| Tags: |
Sem tags, seja o primeiro a adicionar uma tag!
|
MARC
| LEADER | 00000naa a2200000 4500 | ||
|---|---|---|---|
| 001 | 0213028 | ||
| 005 | 20240502083534.6 | ||
| 041 | 0 | |a eng | |
| 044 | |a UA | ||
| 245 | 1 | 0 | |a Yield Spreads Prediction Using Genetic Neural Network |c Róbert Verner, Ladislav Rosocha |
| 520 | |a Genetické umelé neurónové siete na určenie požadovaného výnosového rozpätia na trhu s dlhopismi s použitím biologicky inšpirovaných algoritmov. | ||
| 610 | 2 | 0 | |a siete neurónové |
| 610 | 2 | 0 | |a dlhopisy |
| 610 | 2 | 0 | |a algoritmy |
| 100 | 1 | |a Verner, Robert, 1986- | |
| 700 | 1 | |a Rosocha, Ladislav | |